LEADER 00942nam0-22003131i-450- 001 990007937530403321 005 20050429100238.0 010 $a88-207-3646-2 035 $a000793753 035 $aFED01000793753 035 $a(Aleph)000793753FED01 035 $a000793753 100 $a20041026d--------km-y0itay50------ba 101 0 $aita 102 $aIT 105 $aa-------001yy 200 1 $aCittą e scienze umane$esociologie del territorio, geografia, storia, urbanistica, antropologia, semiotica, informatica$fFranco Martinelli 210 $aNapoli$cLiguori$d2004 215 $a320 p.$d24 cm 610 0 $aGlobalizzazione$aCittą sostenibile 676 $a044.004 700 1$aMartinelli,$bFranco$f<1933- >$0298405 801 0$aIT$bUNINA$gRICA$2UNIMARC 901 $aBK 912 $a990007937530403321 952 $a044.004.MAR.01$b5781$fDECGE 959 $aDECGE 996 $aCittą e scienze umane$9749279 997 $aUNINA LEADER 01279nam 2200433 450 001 9910466187603321 005 20200520144314.0 010 $a1-4982-2312-5 035 $a(CKB)3710000001032970 035 $a(MiAaPQ)EBC4789628 035 $a(Au-PeEL)EBL4789628 035 $a(CaPaEBR)ebr11332372 035 $a(OCoLC)970629630 035 $a(EXLCZ)993710000001032970 100 $a20170206h20162016 uy 0 101 0 $aeng 135 $aurcnu|||||||| 181 $2rdacontent 182 $2rdamedia 183 $2rdacarrier 200 00$aExploring intertextuality $ediverse strategies for New Testament interpretation of texts /$fedited by B. J. Oropeza, Steve Moyise 210 1$aEugene, Oregon :$cCascade Books,$d2016. 210 4$d©2016 215 $a1 online resource (346 pages) 311 $a1-4982-2311-7 320 $aIncludes bibliographical references. 606 $aIntertextuality in the Bible 608 $aElectronic books. 615 0$aIntertextuality in the Bible. 676 $a225.486 702 $aOropeza$b B. J. 702 $aMoyise$b Steve 801 0$bMiAaPQ 801 1$bMiAaPQ 801 2$bMiAaPQ 906 $aBOOK 912 $a9910466187603321 996 $aExploring intertextuality$92486134 997 $aUNINA